Catalog

Record Details

Catalog Search



Available copies

  • 1 of 1 copy available at LARL/NWRL Consortium.

Current holds

0 current holds with 1 total copy.

Show Only Available Copies
Location Call Number / Copy Notes Barcode Shelving Location Status Due Date
Thief River Falls Public Library lp COP (Text) 35500004507560 Main Available -

Record details

  • ISBN: 0739411829
  • Physical Description: 282 p. (large type) ; 21 cm.
  • Edition: Bookspan Large Print ed.
  • Publisher: Wheaton, Ill. : Tyndale House Publishers, c1999.
Subject: Mail order brides > Fiction.
Kidnapping > Kentucky > Fiction.
Genre: Large type books.
Historical fiction.
Western stories.
Christian fiction.
LDR 01002cam a2200301Ia 4500
00146999
003LARL_NWRL_CONSORTIUM
00520030226161456.0
008010122s1999 nyu d 000 1 eng d
020 . ‡a0739411829
035 . ‡a(OCoLC)45759791
099 . ‡aCop
1001 . ‡aCopeland, Lori. ‡0(LARL_NWRL_CONSORTIUM)104035
24510. ‡aHope ‡n#3 ‡h[Large Print] / ‡cLori Copeland.
250 . ‡aBookspan Large Print ed.
260 . ‡aWheaton, Ill. : ‡bTyndale House Publishers, ‡cc1999.
300 . ‡a282 p. (large type) ; ‡c21 cm.
4900 . ‡aBrides of the West 1872 ; ‡v3
655 0. ‡aLarge type books.
650 0. ‡aMail order brides ‡vFiction. ‡0(LARL_NWRL_CONSORTIUM)166001
650 0. ‡aKidnapping ‡zKentucky ‡vFiction.
655 7. ‡aHistorical fiction. ‡2gsafd
655 7. ‡aWestern stories. ‡2gsafd
655 0. ‡aChristian fiction.
901 . ‡a46999 ‡bOCLC ‡c46999 ‡tbiblio

Additional Resources